Normal view
MARC view
- Manansala Jr., Lamberto S.
Entry Personal Name
001 - CONTROL NUMBER
- control field: 60278
003 - CONTROL NUMBER IDENTIFIER
- control field: OSt
005 - DATE AND TIME OF LATEST TRANSACTION
- control field: 20240906094534.0
008 - FIXED-LENGTH DATA ELEMENTS
- fixed length control field: 240906|| aca||aabn | a|a d
040 ## - CATALOGING SOURCE
- Original cataloging agency: OSt
- Transcribing agency: OSt
100 ## - HEADING--PERSONAL NAME
- Personal name: Manansala Jr., Lamberto S.
- Relator term: author.
670 ## - SOURCE DATA FOUND
- Source citation: Work cat.: (OSt): Manansala Jr., Lamberto S. author., Reminiscing the past, shaping the nation's future /, August 2019.
